000
00269nam a2200085Ia 4500
008
240331s9999 xx 000 0 und d
100
_a
Emmanuel, S and Maunaguru, S. ed
245
0
_a
Peralivukalukkup Pennkal Mugam Koduthal :
_b
Thennasiya Anubawangalum Sawaalkalum
942
_c
L
999
_c
5743
_d
5743